| 000 | 00000nam 2200000za 4500 |
| 001 | 9.574618 |
| 003 | CaOODSP |
| 005 | 20250814102414 |
| 007 | cr ||||||||||| |
| 008 | 150406|1998||||xxc|||||o f|0| 0 eng d |
| 022 | |a1205-9153 |
| 040 | |aCaOODSP|beng |
| 043 | |an-cn--- |
| 086 | 1 |aCS11-0019/120E-PDF |
| 100 | 1 |aBaldwin, John R. |q(John Russel) |
| 245 | 00|aAre there high-tech industries or only high-tech firms? : |h[electronic resource]|bEvidence from new technology-based firms / |cby John R. Baldwin and Guy Gellatly. |
| 260 | |aOttawa - Ontario : |bStatistics Canada |cDecember 1998. |
| 300 | |a59p.|bgraphs, references, tables |
| 490 | 1 |aAnalytical Studies Branch research paper series|x1205-9153|vNo. 120 |
| 500 | |aThe catalogue number (11F0019MPE) and ISBN (0-660-17666-1) for the print edition have been incorrectly copied in this electronic publication. |
| 590 | |a12-35-Supp|b2012-08-09 |
| 690 | 07|aHigh technology|2gcpds |
| 690 | 07|aIndustry|2gcpds |
| 710 | 2 |aStatistics Canada. |
| 775 | 08|tExiste-t-il des secteurs d'activité de haute technologie ou seulement des entreprises de haute technologie? : |w(CaOODSP)9.604354 |
| 776 | 0#|tAre there high-tech industries or only high-tech firms? : |w(CaOODSP)9.614634 |
| 830 | #0|aResearch paper series (Statistics Canada. Analytical Studies Branch)|x1205-9153|vNo. 120|w(CaOODSP)9.504421 |
| 856 | 40|ahttp://publications.gc.ca|qPDF|s210 KB |uhttps://publications.gc.ca/collections/Collection/CS11-0019-120E.pdf|yNo. 120 |